Creating affluence : (Record no. 578)

MARC details
000 -LEADER
fixed length control field 00745pam a2200241 a 4500
005 - DATE AND TIME OF LATEST TRANSACTION
control field 20260322212025.0
008 - FIXED-LENGTH DATA ELEMENTS--GENERAL INFORMATION
fixed length control field data
010 ## - LIBRARY OF CONGRESS CONTROL NUMBER
LC control number 93027861
020 ## - INTERNATIONAL STANDARD BOOK NUMBER
International Standard Book Number 1880032422 (acidfree paper) :
Terms of availability {dollar}12.95
020 ## - INTERNATIONAL STANDARD BOOK NUMBER
International Standard Book Number 978-1880032428 (acid-free paper) :
Terms of availability {dollar}12.95
040 ## - CATALOGING SOURCE
Original cataloging agency DLC
Transcribing agency DLC
Modifying agency DLC
050 00 - LIBRARY OF CONGRESS CALL NUMBER
Classification number HB251
Item number .C48 1993
082 00 - DEWEY DECIMAL CLASSIFICATION NUMBER
Classification number 330.1/6
Edition information 20
092 ## - LOCALLY ASSIGNED DEWEY CALL NUMBER (OCLC)
Classification number 330.1 C48 1993
001 - CONTROL NUMBER
control field data
100 1# - MAIN ENTRY--PERSONAL NAME
Personal name Chopra, Deepak.
245 10 - TITLE STATEMENT
Title Creating affluence :
Remainder of title wealth consciousness in the field of all possibilities /
Statement of responsibility, etc. Deepak Chopra.
260 ## - PUBLICATION, DISTRIBUTION, ETC.
Place of publication, distribution, etc. San Rafael, Calif. :
Name of publisher, distributor, etc. New World Library,
Date of publication, distribution, etc. c1993.
300 ## - PHYSICAL DESCRIPTION
Extent 104 p. ;
Dimensions 20 cm.
650 #0 - SUBJECT ADDED ENTRY--TOPICAL TERM
Topical term or geographic name entry element Wealth
General subdivision Miscellanea.
650 #0 - SUBJECT ADDED ENTRY--TOPICAL TERM
Topical term or geographic name entry element Wealth
General subdivision Psychological aspects.
650 #0 - SUBJECT ADDED ENTRY--TOPICAL TERM
Topical term or geographic name entry element Meditation.
Holdings
Withdrawn status Lost status Damaged status Not for loan Home library Current library Shelving location Date acquired Total checkouts Full call number Barcode Date last seen Price effective from Koha item type
        Springfield Springfield General stacks 22/03/2026   330.1/6 20 BC0010593 22/03/2026 22/03/2026 Books